|
|
|
|
| LEADER |
01179nam a2200301 u 4500 |
| 001 |
10023919 |
| 003 |
upatras |
| 005 |
20210216121100.0 |
| 008 |
980505s1988 us eng |
| 020 |
|
|
|a 0078813557
|
| 040 |
|
|
|a GR-PaULI
|c GR-PaULI
|
| 041 |
0 |
|
|a eng
|
| 082 |
0 |
4 |
|a 005.133
|
| 100 |
1 |
|
|a Schildt, Herbert
|9 1094
|
| 245 |
1 |
0 |
|a Advanced Turbo Pascal version 4
|c Herbert Schildt
|
| 260 |
|
|
|a Berkeley, CA
|b Borland-Osborne/McGraw-Hill
|c 1988
|
| 300 |
|
|
|a xii, 416 p.
|b fig.
|c 23 cm.
|
| 490 |
0 |
|
|a Programming series
|
| 500 |
|
|
|a Now includes Borland's Turbo Pascal, Database Toolbox and Turbo Pascal, Graphix Toolbox
|
| 504 |
|
|
|a Includes index
|
| 650 |
|
4 |
|a Pascal (Γλώσσα προγραμματισμού)
|9 61550
|
| 650 |
|
4 |
|a Γλώσσες προγραμματισμού
|9 1594
|
| 760 |
0 |
|
|a Programming series
|
| 852 |
|
|
|a GR-PaULI
|b ΠΑΤΡΑ
|b ΦΥΣΙΚΟ
|k ΑΕΧ-1
|h 005.133 SCH
|m 03978
|p 025000022018
|t 1
|
| 942 |
|
|
|2 ddc
|c BK15
|
| 952 |
|
|
|0 0
|1 0
|4 0
|6 005_133000000000000_SCH
|7 0
|9 192646
|a PHYS
|b PHYS
|d 2016-04-24
|i 03978
|l 0
|o 005.133 SCH
|p 025000022018
|r 2016-04-24 00:00:00
|t 1
|w 2016-04-24
|y BK15
|
| 998 |
|
|
|c ΔΡΑΚΟΠΟΥΛΟΥ
|d 2001-09
|
| 999 |
|
|
|c 118104
|d 118104
|